000 01245nam a2200289 i 4500
001 197701
003 SpMaBN
005 20250827063236.0
008 250315s2024 sp |||||| 000 | spa|
040 _aSpMaBN
_bspa
_cSpMaBN
_erda
100 1 _aManso, Fernando,
_d1961-
_epht
_9242072
245 1 0 _aEspaña : luz y poesía /
_cSociedad de los 100 Bibliófilos, fotografías de Fernando Manso.
260 _aMadrid
_bSociedad de los 100 Bibliófilos,
_c2025.
300 _a56 páginas ;
_c30 cm.
336 _atexto
_2rdacontent
337 _asin mediación
_2rdamedia
338 _avolumen
_2rdacarrier
500 _aEdición numerada y firmada de cien ejemplares.
655 7 _2tgfbne
_9176539
_aPoesías
655 7 _2tgfbne
_9193653
_aLibros ilustrados
852 _aES-MaACL
_cDEPOJ
_jN-10561
_xEncuadernación en pliegos guardados en una carpeta
_zContiene una nota para Ana sobre la donación de este ejemplar
_9206684
_gEjemplar número 30 para el socio Ateneo de Madrid
914 _aSociedad de los 100 Bibliófilos
_ednr
942 _cCARPETA
_n0
999 _c197701
_d197701